000 005400000a22001810004500
003 MACL
005 20160611113512.0
008 160611b xxu||||| |||| 00| 0 eng d
040 _aMACL
_cMACL
041 _aHindi
082 _a800
100 _aमालवीय, यश
_955986
245 _aइण्‍टरनेट पर लडडू
_cयश मालवीय
260 _bसाहित्‍य संगम
_c2001
_aइलाहाबाद
350 _a100
650 _aLiteracture
_964081
942 _cHIN
_k800
_2ddc
999 _c29914
_d29914